Top 20 des milliardaires français - Statistiques

Statistiques générales
  • Ce quiz a été pris 95 fois
  • Le résultat moyen est 5 sur 20
Statistiques - réponses
Fortune (en milliards de dollars) Réponse % Correct
156 Bernard Arnault
99%
7,5 Vincent Bolloré
57%
8,9 Xavier Niel
55%
40,4 François Pinault
41%
74,8 Françoise Bettencourt Meyers
27%
8,4 Laurent Dassault
24%
8,4 Marie-Hélène Habert-Dassault
24%
4,2 Martin & Olivier Bouygues
24%
8,4 Thierry Dassault
24%
41,4 Rodolphe Saadé
23%
6,6 Patrick Drahi
18%
31,2 Alain Wertheimer
11%
31,2 Gerard Wertheimer
11%
23,5 Emmanuel Besnier
5%
8,2 Jean-Michel Besnier
5%
6,6 Nicolas Puech
5%
6,7 Alain Merieux
3%
7 Carrie Perrodo
3%
8,2 Marie Besnier Beauvalot
3%
4,6 Stéphane Bancel
1%
Aucun quiz correspondant
Distribution des résultats
% des personnes avec chaque résultat
Percentile par nombre de réponses
Votre historique - résultats
Vous n’avez pas pris ce quiz